Conversion to Islam; Untouchables Strategy for Protest in India (Record no. 12948)

MARC details
000 -LEADER
fixed length control field 00666nam a2200253 a 4500
020 ## - INTERNATIONAL STANDARD BOOK NUMBER
ISBN 0890121
082 00 - DEWEY DECIMAL CLASSIFICATION NUMBER
Classification number 305.568
Author Cutter MUJ
100 ## - MAIN ENTRY--AUTHOR NAME
Author name Mujahid, Abdul Malik
245 ## - TITLE STATEMENT
Title Conversion to Islam; Untouchables Strategy for Protest in India
260 ## - PUBLICATION, DISTRIBUTION, ETC. (IMPRINT)
Place of publication Pennsylvania
Name of publisher Anima Books
Year of publication 1989
300 ## - PHYSICAL DESCRIPTION
Number of Pages 159p
500 ## - GENERAL NOTE
General note includes index and biblioraphy
505 2# - FORMATTED CONTENTS NOTE
Formatted contents note Index
650 ## - SUBJECT ADDED ENTRY--TOPICAL TERM
Topical Term Caste-India
650 ## - SUBJECT ADDED ENTRY--TOPICAL TERM
Topical Term Communalism-India
942 ## - ADDED ENTRY ELEMENTS (KOHA)
Koha item type Books
700 1# -
-- Mujahid, Abdul Malik
Holdings
Collection code Home library Current library Date acquired Cost, normal purchase price Full call number Accession Number Koha item type
  Henry Martyn Institute Library Henry Martyn Institute Library 05/04/2011 400.00 305.568 MUJ 015175 Books
                   Copyright © 2026 | Henry Martyn Institute | Hyderabad | TS-500052 | INDIA | Implemented by hmi.edu.in
Hit-Count:

Powered by Koha